| 000 -ლიდერი |
| ფიქსირებული სიგრძის საკონტროლო ველი |
01003nam a2200217Ia 4500 |
| 001 - საკონტროლო ნომერი |
| საკონტროლო ველი |
3521 |
| 003 - საკონტროლო ნომრის იდენტიფიკატორი |
| საკონტროლო ველი |
GE_BSU |
| 005 - ბოლო ოპერაციის თარიღი და დრო |
| საკონტროლო ველი |
20190530193507.0 |
| 008 - ფიქსირებული სიგრძის მონაცემთა ელემენტები - ზოგადი ინფორმაცია |
| ფიქსირებული სიგრძის საკონტროლო ველი |
181216s1987|||| |||||||||||||| ||geo|| |
| 040 ## - კატალოგიზაციის წყარო |
| Transcribing agency |
GE_BSU |
| 041 ## - ენის კოდი |
| Language code of text/sound track or separate title |
geo |
| 080 ## - უნივერსალური ათობითი კლასიფიკაციის ინდექსი |
| Universal Decimal Classification number |
547(075.8)+547.7 გ-13 |
| 100 ## - მთავარი ჩანაწერი - პიროვნების სახელი |
| Personal name |
გაბრიაძე, დ. |
| 9 (RLIN) |
1876 |
| 245 ## - ცნობა სათაურის შესახებ |
| Title |
ორგანული ქიმია. II ნაწ. კარბოციკლური და ჰეტეროციკლური ნაერთები : სახელმძღვ. |
| Statement of responsibility, etc |
დ. გაბრიაძე ; რედ. შ.მიქაძე. |
| 264 ## - წარმოების, გამოცემის, დისტრიბუციის და სხვა ცნობები |
| გამოცემის, წარმოების, დისტრიბუციის... ადგილი |
თბილისი : |
| გამოცემის, წარმოების, დისტრიბუციის... სახელწოდება |
განათლება, |
| გამოცემის, წარმოების, დისტრიბუციის... თარიღი |
1987. |
| 300 ## - ფიზიკური აღწერა |
| Extent |
445 გვ .: |
| Other physical details |
ილ ; |
| Dimensions |
22 სმ. |
| 653 ## - INDEX TERM--UNCONTROLLED |
| Uncontrolled term |
კარბოციკლური და ჰეტეროციკლური ნაერთები |
| 653 ## - INDEX TERM--UNCONTROLLED |
| Uncontrolled term |
ორგანული ქიმია |
| 700 ## - ADDED ENTRY--PERSONAL NAME |
| Personal name |
მიქაძე, შ |
| Relator term |
რედაქტორი |
| 9 (RLIN) |
1877 |
| 942 ## - ADDED ENTRY ELEMENTS (KOHA) |
| Koha item type |
წიგნი |
| Source of classification or shelving scheme |
|